[Event "14th 4NCL Congress"]
[Site "Wokefield"]
[Date "2017.07.16"]
[Round "5"]
[Board "19"]
[White "Ifalore, Michael"]
[Black "Simpson, Derek"]
[Result "1-0"]
[WhiteElo "1897"]
[BlackElo "1652"]
[PlyCount "77"]
[EventDate "2017.07.14"]
[EventRounds "5"]
[EventCountry "ENG"]

1. d4 e6 2. Bf4 Bd6 3. Bxd6 cxd6 4. Nf3 b6 5. Nc3 a6 6. e4 Bb7 7. d5 Nf6 8. Be2
O-O 9. O-O b5 10. Qd4 Qc7 11. a4 Qc5 12. axb5 Qxd4 13. Nxd4 exd5 14. exd5 axb5
15. Ndxb5 Rxa1 16. Rxa1 Nxd5 17. Nxd5 Bxd5 18. Nxd6 Nc6 19. f4 g6 20. g4 Ne7
21. c4 Be6 22. b4 f5 23. g5 Rb8 24. b5 Nc8 25. Nxc8 Rxc8 26. Rc1 Kf7 27. Kf2
Ke7 28. Ke3 d6 29. Kd4 Bd7 30. Ra1 Ke6 31. Bf3 Ke7 32. Ra7 Kd8 33. b6 Rb8 34.
Ra8 Rxa8 35. Bxa8 Be6 36. Bd5 Bd7 37. Bg8 Be8 38. Kd5 Kd7 39. Be6+ 1-0

[Event "14th 4NCL Congress"]
[Site "Wokefield"]
[Date "2017.07.16"]
[Round "5"]
[Board "20"]
[White "Isaksen, Peter A"]
[Black "Davies, Peter L"]
[Result "0-1"]
[WhiteElo "1678"]
[BlackElo "1991"]
[PlyCount "70"]
[EventDate "2017.07.14"]
[EventRounds "5"]
[EventCountry "ENG"]

1. e4 e5 2. Nf3 Nc6 3. Bb5 a6 4. Bxc6 dxc6 5. d4 exd4 6. Qxd4 Qxd4 7. Nxd4 c5
8. Ne2 Bd7 9. Be3 O-O-O 10. Nd2 f6 11. O-O-O b6 12. Rhe1 Ne7 13. Nf4 Ng6 14.
Nxg6 hxg6 15. h3 Be7 16. f3 Rhe8 17. Bf2 Be6 18. a3 Bd6 19. Nf1 f5 20. e5 Be7
21. Rxd8+ Rxd8 22. f4 g5 23. g3 Rh8 24. Be3 gxf4 25. gxf4 Rxh3 26. Kd2 Bh4 27.
Re2 Bc4 28. Rg2 Bxf1 29. Rxg7 Rh2+ 30. Kc1 Bc4 31. b3 Bd5 32. c4 Be4 33. Bd2
Bf2 34. Kd1 Bf3+ 35. Kc1 Rh1+ 0-1